Solidaridad : Organo del Sindicato de Trabajadores Electricistas de la República Mexicana : número 60, tercera época, enero 15, 1972 /

Guardado en:
Detalles Bibliográficos
Autor corporativo: Sindicato de Trabajadores Electricistas de la República Mexicana
Otros autores: Galván, Rafael (dirección) (dirección), Martínez de la Vega, Francisco (dirección) (dirección), Peña, Rodolfo F. (dirección) (dirección)
Formato: Libro
Idioma:Español
Publicado: México : Sindicato de Trabajadores Electricistas de la República Mexicana, 1972
Colección:(Solidaridad. Organo del Sindicato de Trabajadores Electricistas de la República Mexicana ; 3/60)
(Solidaridad. Organo del Sindicato de Trabajadores Electricistas de la República Mexicana ; 3/61)
(Solidaridad. Organo del Sindicato de Trabajadores Electricistas de la República Mexicana ; 3/62)
(Solidaridad. Organo del Sindicato de Trabajadores Electricistas de la República Mexicana ; 3/63)
(Solidaridad. Organo del Sindicato de Trabajadores Electricistas de la República Mexicana ; 3/64)
(Solidaridad. Organo del Sindicato de Trabajadores Electricistas de la República Mexicana ; 3/65)
(Solidaridad. Organo del Sindicato de Trabajadores Electricistas de la República Mexicana ; 3/66)
(Solidaridad. Organo del Sindicato de Trabajadores Electricistas de la República Mexicana ; 3/67)
(Solidaridad. Organo del Sindicato de Trabajadores Electricistas de la República Mexicana ; 3/68)
(Solidaridad. Organo del Sindicato de Trabajadores Electricistas de la República Mexicana ; 3/69)
(Solidaridad. Organo del Sindicato de Trabajadores Electricistas de la República Mexicana ; 3/70)
(Solidaridad. Organo del Sindicato de Trabajadores Electricistas de la República Mexicana ; 3/71)
Temas:
Etiquetas: Agrega una etiqueta
Sin etiquetas, Sé el primero en etiquetar este registro!

MARC

LEADER 00000nam^a2200000^a^4500
001 000630292
005 20260410000000.0
009 20260410195519.152
037 |a Acervo ITESO - Biblioteca 
041 |a ESP 
082 |a 333. 79320972  |b SOL S. 3 V. 60-71 
110 |a Sindicato de Trabajadores Electricistas de la República Mexicana 
240 1 1 |a [Solidaridad: Organo del Sindicato de Trabajadores Electricistas de la República Mexicana] 
245 1 0 |a Solidaridad :  |b Organo del Sindicato de Trabajadores Electricistas de la República Mexicana : número 60, tercera época, enero 15, 1972 /  |c STERM ; dir. de R. Galván, F. Martínez de la Vega, R.F. Peña. 
264 1 |a México :  |b Sindicato de Trabajadores Electricistas de la República Mexicana,  |c 1972 
300 |a [520] p. 
336 |a texto  |b txt  |2 rdacontenido 
337 |a sin mediación  |b n  |2 rdamedio 
338 |a volumen  |b nc  |2 rdasoporte 
440 1 |a (Solidaridad. Organo del Sindicato de Trabajadores Electricistas de la República Mexicana ;  |v 3/60) 
440 1 |a (Solidaridad. Organo del Sindicato de Trabajadores Electricistas de la República Mexicana ;  |v 3/61) 
440 1 |a (Solidaridad. Organo del Sindicato de Trabajadores Electricistas de la República Mexicana ;  |v 3/62) 
440 1 |a (Solidaridad. Organo del Sindicato de Trabajadores Electricistas de la República Mexicana ;  |v 3/63) 
440 1 |a (Solidaridad. Organo del Sindicato de Trabajadores Electricistas de la República Mexicana ;  |v 3/64) 
440 1 |a (Solidaridad. Organo del Sindicato de Trabajadores Electricistas de la República Mexicana ;  |v 3/65) 
440 1 |a (Solidaridad. Organo del Sindicato de Trabajadores Electricistas de la República Mexicana ;  |v 3/66) 
440 1 |a (Solidaridad. Organo del Sindicato de Trabajadores Electricistas de la República Mexicana ;  |v 3/67) 
440 1 |a (Solidaridad. Organo del Sindicato de Trabajadores Electricistas de la República Mexicana ;  |v 3/68) 
440 1 |a (Solidaridad. Organo del Sindicato de Trabajadores Electricistas de la República Mexicana ;  |v 3/69) 
440 1 |a (Solidaridad. Organo del Sindicato de Trabajadores Electricistas de la República Mexicana ;  |v 3/70) 
440 1 |a (Solidaridad. Organo del Sindicato de Trabajadores Electricistas de la República Mexicana ;  |v 3/71) 
501 |a Encuadernación particular 
567 |a Catalogación rápida 
649 |a XX 
650 |a Sindicato de Trabajadores Electricistas de la República Mexicana -  |x Publicaciones Periódicas -  |x Tema Principal 
650 |a Sindicalismo -  |z México -  |x Publicaciones Periódicas -  |x Tema Principal 
650 |a Sindicalismo -  |z México 
650 |a Industria Eléctrica -  |z México -  |x Publicaciones Periódicas -  |x Tema Principal 
650 |a Industria Eléctrica -  |z México 
650 |a Política Energética -  |z México -  |x Historia -  |y 1970-1976 
650 |a Política Energética -  |z México -  |x Historia -  |y Siglo XX 
650 |a Política -  |z México -  |x Historia -  |y 1970-1976 
650 |a Política -  |z México -  |x Historia -  |y Siglo XX 
650 |a Política -  |x Publicaciones Periódicas Mexicanas 
650 |a Publicaciones Periódicas Mexicanas 
650 |a Publicaciones Periódicas 
700 |a Galván, Rafael  |e (dirección) 
700 |a Martínez de la Vega, Francisco  |e (dirección) 
700 |a Peña, Rodolfo F.  |e (dirección) 
740 0 |a Solidaridad :  |b Organo del Sindicato de Trabajadores Electricistas de la República Mexicana : número 61, tercera época, enero 31, 1972 /  |c STERM ; dir. de R. Galván, F. Martínez de la Vega, R.F. Peña. 
740 0 |a Solidaridad :  |b Organo del Sindicato de Trabajadores Electricistas de la República Mexicana : número 62, tercera época, febrero 15, 1972 /  |c STERM ; dir. de R. Galván, F. Martínez de la Vega, R.F. Peña. 
740 0 |a Solidaridad :  |b Organo del Sindicato de Trabajadores Electricistas de la República Mexicana : número 63, tercera época, febrero 29, 1972 /  |c STERM ; dir. de R. Galván, F. Martínez de la Vega, R.F. Peña. 
740 0 |a Solidaridad :  |b voz de la insurgencia obrera y popular : Organo del Sindicato de Trabajadores Electricistas de la República Mexicana : número 64, tercera época, marzo 15 de 1972 /  |c STERM ; dir. de R. Galván, F. Martínez de la Vega, R.F. Peña. 
740 0 |a Solidaridad :  |b voz de la insurgencia obrera y popular : Organo del Sindicato de Trabajadores Electricistas de la República Mexicana : número 65, tercera época, marzo 31 de 1972 /  |c STERM ; dir. de R. Galván, F. Martínez de la Vega, R.F. Peña. 
740 0 |a Solidaridad :  |b voz de la insurgencia obrera y popular : Organo del Sindicato de Trabajadores Electricistas de la República Mexicana : número 66-67, tercera época, abril 30 de 1972 /  |c STERM ; dir. de R. Galván, F. Martínez de la Vega, R.F. Peña. 
740 0 |a Solidaridad :  |b voz de la insurgencia obrera y popular : Organo del Sindicato de Trabajadores Electricistas de la República Mexicana : número 68, tercera época, mayo 15 de 1972 /  |c STERM ; dir. de R. Galván, F. Martínez de la Vega, R.F. Peña. 
740 0 |a Solidaridad :  |b voz de la insurgencia obrera y popular : Organo del Sindicato de Trabajadores Electricistas de la República Mexicana : número 69, tercera época, mayo 31 de 1972 /  |c STERM ; dir. de R. Galván, F. Martínez de la Vega, R.F. Peña. 
740 0 |a Solidaridad :  |b voz de la insurgencia obrera y popular : Organo del Sindicato de Trabajadores Electricistas de la República Mexicana : número 70, tercera época, junio 15 de 1972 /  |c STERM ; dir. de R. Galván, F. Martínez de la Vega, R.F. Peña. 
740 0 |a Solidaridad :  |b voz de la insurgencia obrera y popular : Organo del Sindicato de Trabajadores Electricistas de la República Mexicana : número 71, tercera época, junio 30 de 1972 /  |c STERM ; dir. de R. Galván, F. Martínez de la Vega, R.F. Peña. 
910 |a Fondo Castillo-Martínez 
920 |a Impresos - Libros 
930 |a Fondos Especiales 
905 |a 127 
901 |a 630292-10  |b IT2  |c ESP  |i D128741  |u 20260410 
902 |a https://opac.biblio.iteso.mx/vufind/Record/000630292